Eredivisie players 25/26 - Statistics

General Stats
  • This quiz has been taken 112 times
    102 since last reset
  • The average score is 111 of 535
Answer Stats
Club Answer Position % Correct
afc-ajax Remko Pasveer GK
89%
afc-ajax Wout Weghorst FWD
74%
afc-ajax Josip Šutalo DEF
71%
fc-utrecht Davy van den Berg MID
68%
psv-eindhoven Joel van den Berg MID
68%
afc-ajax Vítězslav Jaroš GK
68%
fc-utrecht David Min FWD
66%
afc-ajax John Heitinga TRA
66%
feyenoord Jordan Bos DEF
66%
afc-ajax Kasper Dolberg FWD
66%
afc-ajax Anton Gaaei DEF
63%
afc-ajax Davy Klaassen MID
63%
afc-ajax Mika Godts FWD
63%
fc-utrecht Ron Jans TRA
63%
sparta-rotterdam Julian Baas MID
61%
afc-ajax Lucas Rosa DEF
61%
afc-ajax Owen Wijndal DEF
61%
afc-ajax Youri Baas DEF
61%
afc-ajax Kenneth Taylor MID
58%
afc-ajax Kō Itakura DEF
58%
sparta-rotterdam Maurice Steijn TRA
58%
feyenoord Sem Steijn MID
58%
feyenoord Timon Wellenreuther GK
58%
psv-eindhoven Dennis Man FWD
55%
fc-volendam Henk Veerman FWD
55%
psv-eindhoven Joey Veerman MID
55%
fc-groningen Dies Janse DEF
53%
fc-groningen Etienne Vaessen GK
53%
afc-ajax Oscar Gloukh MID
53%
feyenoord Quinten Timber MID
53%
psv-eindhoven Ricardo Pepi FWD
53%
nec-nijmegen Rijk Janse GK
53%
psv-eindhoven Sergiño Dest DEF
53%
afc-ajax Steven Berghuis MID
53%
telstar Tyrone Owusu MID
53%
afc-ajax Youri Regeer MID
53%
feyenoord Ayase Ueda FWD
50%
psv-eindhoven Jerdy Schouten MID
50%
feyenoord Justin Bijlow GK
50%
sbv-excelsior Lewis Schouten DEF
50%
psv-eindhoven Nick Olij GK
50%
afc-ajax Oliver Edvardsen FWD
50%
psv-eindhoven Peter Bosz TRA
50%
az-alkmaar Troy Parrott FWD
50%
go-ahead-eagles Victor Edvardsen FWD
50%
psv-eindhoven Alassane Pléa FWD
47%
fc-utrecht Dani de Wit MID
47%
az-alkmaar Jeroen Zoet GK
47%
afc-ajax Kian Fitz-Jim MID
47%
psv-eindhoven Matěj Kovář GK
47%
az-alkmaar Matěj Šín MID
47%
az-alkmaar Mees de Wit DEF
47%
az-alkmaar Mexx Meerdink FWD
47%
afc-ajax Raúl Moro FWD
47%
az-alkmaar Rome-Jayden Owusu-Oduro GK
47%
feyenoord Gernot Trauner DEF
45%
afc-ajax Joeri Heerkens GK
45%
az-alkmaar Jordy Clasie MID
45%
fc-twente Lars Unnerstall GK
45%
sparta-rotterdam Mitchell van Bergen FWD
45%
feyenoord Robin van Persie TRA
45%
telstar Ronald Koeman GK
45%
fc-volendam Roy Steur GK
45%
psv-eindhoven Ruben van Bommel FWD
45%
afc-ajax Sean Steur MID
45%
fc-groningen Thom van Bergen FWD
45%
feyenoord Tsuyoshi Watanabe DEF
45%
fc-utrecht Vasilis Barkas GK
45%
feyenoord Anis Hadj Moussa FWD
42%
feyenoord Casper Tengstedt FWD
42%
az-alkmaar Denso Kasius DEF
42%
feyenoord Gijs Smal DEF
42%
feyenoord Givairo Read DEF
42%
fc-utrecht Gjivai Zechiël MID
42%
feyenoord Gonçalo Borges FWD
42%
psv-eindhoven Guus Til MID
42%
psv-eindhoven Ismael Saibari MID
42%
psv-eindhoven Ivan Perišić FWD
42%
az-alkmaar Kees Smit MID
42%
az-alkmaar Maarten Martens TRA
42%
go-ahead-eagles Milan Smit FWD
42%
fc-twente Ramiz Zerrouki MID
42%
sc-heerenveen Robin Bouw DEF
42%
fc-utrecht Sébastien Haller FWD
42%
go-ahead-eagles Søren Tengstedt MID
42%
fc-utrecht Souffian el Karouani DEF
42%
az-alkmaar Sven Mijnans MID
42%
az-alkmaar Wouter Goes DEF
42%
fc-groningen Elvis van der Laan DEF
39%
nac-breda Fredrik Oldrup Jensen MID
39%
az-alkmaar Isak Jensen FWD
39%
fc-utrecht Jesse van de Haar FWD
39%
sparta-rotterdam Joël Drommel GK
39%
afc-ajax Jorthy Mokio MID
39%
feyenoord Leo Sauer FWD
39%
go-ahead-eagles Mats Deijl DEF
39%
fc-utrecht Michael Brouwer GK
39%
fortuna-sittard Mohamed Ihattaren MID
39%
psv-eindhoven Myron Boadu FWD
39%
telstar Patrick Brouwer FWD
39%
psv-eindhoven Ryan Flamingo DEF
39%
fc-utrecht Victor Jensen MID
39%
psv-eindhoven Anass Salah-Eddine DEF
37%
sc-heerenveen Andries Noppert GK
37%
feyenoord Anel Ahmedhodžić DEF
37%
pec-zwolle Damian van der Haar DEF
37%
fc-groningen Dick Lukkien TRA
37%
nec-nijmegen Dick Schreuder TRA
37%
sc-heerenveen Isaiah Ahmed MID
37%
feyenoord Jakub Moder MID
37%
feyenoord Jordan Lotomba DEF
37%
feyenoord Luciano Valente MID
37%
fc-utrecht Mike van der Hoorn DEF
37%
fortuna-sittard Niels Martens GK
37%
sbv-excelsior Nolan Martens DEF
37%
psv-eindhoven Paul Wanner MID
37%
az-alkmaar Peer Koopmeiners MID
37%
afc-ajax Rayane Bounida MID
37%
fc-twente Ricky van Wolfswinkel FWD
37%
fc-twente Sam Lammers FWD
37%
fc-groningen Stije Resink MID
37%
sbv-excelsior Stijn van Gassel GK
37%
fc-groningen Thijmen Blokzijl DEF
37%
pec-zwolle Thijs Oosting MID
37%
afc-ajax Aaron Bouwman DEF
34%
az-alkmaar Alexandre Penetra DEF
34%
feyenoord Aymen Sliti FWD
34%
feyenoord Gaoussou Diarra FWD
34%
feyenoord In-beom Hwang MID
34%
go-ahead-eagles Jari De Busser GK
34%
psv-eindhoven Mauro Júnior DEF
34%
fc-utrecht Nick Viergever DEF
34%
fc-twente Robin Pröpper DEF
34%
fc-groningen Tygo Land MID
34%
psv-eindhoven Yarek Gąsiorowski DEF
34%
nec-nijmegen Bryan Linssen FWD
32%
fc-groningen Brynjólfur Willumsson FWD
32%
psv-eindhoven Couhaib Driouech FWD
32%
fc-twente Daan Rots FWD
32%
fortuna-sittard Danny Buijs TRA
32%
afc-ajax Don-Angelo Konadu FWD
32%
az-alkmaar Ibrahim Sadiq FWD
32%
feyenoord Liam Bossin GK
32%
fc-twente Mats Rots DEF
32%
sbv-excelsior Simon Janssen DEF
32%
fc-groningen Younes Taha FWD
32%
psv-eindhoven Armando Obispo DEF
29%
feyenoord Bart Nieuwkoop DEF
29%
afc-ajax Branco van den Boomen MID
29%
psv-eindhoven Esmir Bajraktarević FWD
29%
go-ahead-eagles Gerrit Nauber DEF
29%
nec-nijmegen Jasper Cillessen GK
29%
telstar Jochem Ritmeester van de Kamp MID
29%
go-ahead-eagles Joris Kramer DEF
29%
nec-nijmegen Kodai Sano MID
29%
nec-nijmegen Koki Ogawa FWD
29%
fc-twente Kristian Hlynsson MID
29%
fc-twente Max Bruns DEF
29%
fc-twente Mees Hilgers DEF
29%
psv-eindhoven Niek Schiks GK
29%
fc-utrecht Noah Ohio FWD
29%
fc-volendam Robert Mühren FWD
29%
az-alkmaar Ro-Zangelo Daal FWD
29%
az-alkmaar Seiya Maikuma DEF
29%
nac-breda Sydney van Hooijdonk FWD
29%
heracles-almelo Thomas Bruns MID
29%
fc-groningen Tika de Jonge MID
29%
sparta-rotterdam Bruno Martins Indi DEF
26%
az-alkmaar Dave Kwakman MID
26%
sc-heerenveen Dylan Vente FWD
26%
az-alkmaar Hobie Verhulst GK
26%
feyenoord Jan Plug DEF
26%
fc-groningen Jorg Schreuders MID
26%
sc-heerenveen Luuk Brouwers MID
26%
az-alkmaar Mateo Chávez DEF
26%
fortuna-sittard Mattijs Branderhorst GK
26%
fc-utrecht Mike Eerdhuijzen DEF
26%
feyenoord Oussama Targhalline MID
26%
feyenoord Thomas Beelen DEF
26%
az-alkmaar Weslley Patati FWD
26%
nec-nijmegen Ahmetcan Kaplan DEF
24%
fc-utrecht Alonzo Engwanda MID
24%
fc-twente Bart van Rooij DEF
24%
sc-heerenveen Bernt Klaverboer GK
24%
feyenoord Cyle Larin FWD
24%
go-ahead-eagles Dean James DEF
24%
fc-groningen Hidde Jurjus GK
24%
feyenoord Jaden Slory FWD
24%
afc-ajax James McConnell MID
24%
psv-eindhoven Kiliann Sildillia DEF
24%
fc-groningen Marco Rente DEF
24%
fc-groningen Marvin Peersman DEF
24%
az-alkmaar Maxim Dekker DEF
24%
fc-utrecht Miguel Rodríguez FWD
24%
afc-ajax Paul Reverson GK
24%
fc-twente Thomas van den Belt MID
24%
nec-nijmegen Tjaronn Chery MID
24%
fc-utrecht Yoann Cathline FWD
24%
fc-utrecht Can Bozdoğan MID
21%
afc-ajax Gerald Alders DEF
21%
sbv-excelsior Gyan de Regt FWD
21%
fortuna-sittard Ivo Pinto DEF
21%
go-ahead-eagles Jakob Breum MID
21%
pec-zwolle Jasper Schendelaar GK
21%
heracles-almelo Jizz Hornkamp FWD
21%
sc-heerenveen Kai Jansen MID
21%
fortuna-sittard Kaj Sierhuis FWD
21%
fc-twente Naci Ünüvar FWD
21%
nec-nijmegen Philippe Sandler DEF
21%
fc-twente Przemysław Tytoń GK
21%
go-ahead-eagles Sven Jansen GK
21%
sparta-rotterdam Tobias Lauritsen FWD
21%
fc-utrecht Zidane Iqbal MID
21%
psv-eindhoven Adamo Nagalo DEF
18%
fc-utrecht Adrian Blake FWD
18%
nac-breda Boy Kemper DEF
18%
az-alkmaar Daniël Virginio Deen GK
18%
az-alkmaar Elijah Dijkstra DEF
18%
heracles-almelo Fabian de Keijzer GK
18%
fortuna-sittard Houboulang Mendes DEF
18%
fc-volendam Kayne van Oevelen GK
18%
pec-zwolle Koen Kostons FWD
18%
fc-twente Mathias Kjølø MID
18%
fc-utrecht Matisse Didden DEF
18%
go-ahead-eagles Melvin Boel TRA
18%
fc-utrecht Niklas Vesterlund DEF
18%
sc-heerenveen Nordin Bakker GK
18%
fc-groningen Oskar Zawada FWD
18%
fc-groningen Rui Mendes FWD
18%
fc-utrecht Siebe Horemans DEF
18%
fc-twente Sondre Ørjasæter FWD
18%
fc-twente Taylor Booth FWD
18%
feyenoord Thijs Kraaijeveld MID
18%
nec-nijmegen Thomas Ouwejan DEF
18%
sbv-excelsior Zach Booth FWD
18%
pec-zwolle Zico Buurmeester MID
18%
sc-heerenveen Amourricho van Axel Dongen FWD
16%
fc-volendam Brandley Kuwas FWD
16%
sbv-excelsior Calvin Raatsie GK
16%
telstar Daan Reiziger GK
16%
nac-breda Daniel Bielica GK
16%
telstar Danny Bakker DEF
16%
fc-utrecht Derry Murkin DEF
16%
nec-nijmegen Dirk Proper MID
16%
pec-zwolle Gabriël Reiziger MID
16%
nec-nijmegen Gonzalo Crettaz GK
16%
fortuna-sittard Jasper Dahlhaus DEF
16%
telstar Jeff Hardeveld DEF
16%
sparta-rotterdam Jens Toornstra MID
16%
go-ahead-eagles Julius Dirksen DEF
16%
pec-zwolle Kaj de Rooij FWD
16%
fc-utrecht Kevin Gadellaa GK
16%
fc-utrecht Kolbeinn Finnsson DEF
16%
az-alkmaar Lequincio Zeefuik FWD
16%
feyenoord Malcolm Jeng DEF
16%
sc-heerenveen Marcus Linday MID
16%
fc-groningen Mats Seuntjens MID
16%
sbv-excelsior Mike van Duinen FWD
16%
telstar Milan Zonneveld FWD
16%
pec-zwolle Ryan Thomas MID
16%
feyenoord Shiloh 't Zand MID
16%
pec-zwolle Shola Shoretire FWD
16%
sparta-rotterdam Shunsuke Mito FWD
16%
pec-zwolle Tristan Gooijer DEF
16%
telstar Tyrese Noslin DEF
16%
fc-groningen Tyrique Mercera DEF
16%
fc-groningen Wouter Prins DEF
16%
fc-twente Arno Verschueren MID
13%
fc-twente Bas Kuipers DEF
13%
heracles-almelo Bas Sibum TRA
13%
az-alkmaar Billy van Duijl DEF
13%
nec-nijmegen Brayann Pereira DEF
13%
heracles-almelo Damon Mirani DEF
13%
fc-groningen David van der Werff MID
13%
fortuna-sittard Edouard Michut MID
13%
fc-volendam Gibson Yah MID
13%
fc-twente Issam el Maach GK
13%
fortuna-sittard Iván Márquez DEF
13%
fc-utrecht Jaygo van Ommeren MID
13%
sparta-rotterdam Jonathan de Guzmán MID
13%
sc-heerenveen Joris van Overeem MID
13%
telstar Kay Tejan FWD
13%
sc-heerenveen Levi Smans MID
13%
fc-groningen Lovro Štubljar GK
13%
heracles-almelo Mario Engels FWD
13%
sparta-rotterdam Marvin Young DEF
13%
go-ahead-eagles Mathis Suray MID
13%
fc-utrecht Miliano Jonathans FWD
13%
psv-eindhoven Noah Fernandez MID
13%
sc-heerenveen Oliver Braude DEF
13%
fc-volendam Ozan Kökçü FWD
13%
sparta-rotterdam Pascal Kuiper GK
13%
sparta-rotterdam Patrick van Aanholt DEF
13%
fc-volendam Rick Kruys TRA
13%
sc-heerenveen Ringo Meerveld MID
13%
telstar Soufiane Hetli FWD
13%
fc-twente Stav Lemkin DEF
13%
fc-groningen Sven Bouland DEF
13%
pec-zwolle Tom de Graaff GK
13%
fc-groningen Travis Hernes MID
13%
telstar Anthony Correia TRA
11%
fc-volendam Anthony Descotte FWD
11%
go-ahead-eagles Aske Adelgaard DEF
11%
sparta-rotterdam Ayoub Oufkir FWD
11%
nec-nijmegen Bram Nuytinck DEF
11%
nac-breda Carl Hoefkens TRA
11%
sbv-excelsior Casper Widell DEF
11%
nac-breda Clint Leemans MID
11%
fc-twente Daouda Weidmann MID
11%
telstar Devon Koswal DEF
11%
fc-groningen Dirk Baron GK
11%
fc-utrecht Emirhan Demircan FWD
11%
heracles-almelo Giandro Sambo FWD
11%
fc-twente Guilherme Peixoto DEF
11%
telstar Guus Offerhaus MID
11%
sc-heerenveen Jacob Trenskow FWD
11%
pec-zwolle Jamiro Monteiro MID
11%
pec-zwolle Jan Faberski FWD
11%
heracles-almelo Jan Žambůrek MID
11%
sparta-rotterdam Joshua Kitolano MID
11%
nac-breda Kamal Sowah MID
11%
nec-nijmegen Kento Shiogai FWD
11%
go-ahead-eagles Kenzo Goudmijn MID
11%
go-ahead-eagles Luca Plogmann GK
11%
fc-twente Lucas Vennegoor of Hesselink FWD
11%
fortuna-sittard Luuk Koopmans GK
11%
fc-groningen Mark Hoekstra FWD
11%
fc-twente Marko Pjaca FWD
11%
sc-heerenveen Maxence Rivera FWD
11%
telstar Neville Ogidi Nwankwo DEF
11%
telstar Nigel Ogidi Nwankwo DEF
11%
sc-heerenveen Nikolai Hopland DEF
11%
fc-groningen Noam Emeran FWD
11%
nec-nijmegen Noé Lebreton MID
11%
pec-zwolle Olivier Aertssen DEF
11%
fortuna-sittard Paul Gladon FWD
11%
go-ahead-eagles Richonell Margaret FWD
11%
sc-heerenveen Robin Veldman TRA
11%
sbv-excelsior Ruben den Uil TRA
11%
fortuna-sittard Ryan Fosso MID
11%
nec-nijmegen Sami Ouaissa MID
11%
fc-twente Sam Karssies GK
11%
sc-heerenveen Sam Kersten DEF
11%
az-alkmaar Sem van Duijn FWD
11%
sparta-rotterdam Shurandy Sambo DEF
11%
pec-zwolle Simon Graves DEF
11%
sc-heerenveen Vasilios Zagaritis DEF
11%
fortuna-sittard Alen Halilović MID
8%
pec-zwolle Anselmo Mac Nulty DEF
8%
sbv-excelsior Arthur Zagré DEF
8%
fc-volendam Aurelio Oehlers FWD
8%
sparta-rotterdam Ayoni Santos MID
8%
nec-nijmegen Başar Önal FWD
8%
nac-breda Boyd Lucassen DEF
8%
heracles-almelo Bryan Limbombe FWD
8%
sbv-excelsior Chris-Kévin Nadje MID
8%
nec-nijmegen Darko Nejašmić MID
8%
telstar Dion Malone DEF
8%
heracles-almelo Djevencio van der Kust DEF
8%
sbv-excelsior Do-young Yoon FWD
8%
pec-zwolle Dylan Mbayo FWD
8%
sc-heerenveen Eser Gürbüz FWD
8%
go-ahead-eagles Evert Linthorst MID
8%
go-ahead-eagles Finn Stokkers FWD
8%
go-ahead-eagles Giovanni van Zwam DEF
8%
heracles-almelo Ivan Mesík DEF
8%
nec-nijmegen Jetro Willems DEF
8%
fc-volendam Joël Ideho FWD
8%
nac-breda Juho Talvitie FWD
8%
fortuna-sittard Justin Hubner DEF
8%
fortuna-sittard Kristoffer Peterson FWD
8%
sbv-excelsior Lennard Hartjes MID
8%
nac-breda Leo Greiml DEF
8%
heracles-almelo Luka Kulenović FWD
8%
sc-heerenveen Maas Willemsen DEF
8%
fortuna-sittard Makan Aïko FWD
8%
feyenoord Mannou Berger GK
8%
sc-heerenveen Mats Egbring DEF
8%
fc-volendam Mawouna Amevor DEF
8%
go-ahead-eagles Melle Meulensteen MID
8%
sparta-rotterdam Mike Kleijn DEF
8%
heracles-almelo Mimeirhel Benita DEF
8%
nac-breda Moussa Soumano FWD
8%
pec-zwolle Nick Fichtinger MID
8%
fc-volendam Nick Verschuren DEF
8%
telstar Nils Rossen MID
8%
sbv-excelsior Noah Naujoks MID
8%
sparta-rotterdam Nökkvi Þórisson FWD
8%
pec-zwolle Ody Velanas MID
8%
go-ahead-eagles Oscar Pettersson FWD
8%
go-ahead-eagles Oskar Sivertsen FWD
8%
sparta-rotterdam Pelle Clement MID
8%
fortuna-sittard Philip Brittijn MID
8%
nac-breda Raul Paula FWD
8%
fc-groningen Robin Kelder DEF
8%
nac-breda Roy Kortsmit GK
8%
sparta-rotterdam Saïd Bakari DEF
8%
fortuna-sittard Samuel Bastien MID
8%
fortuna-sittard Shawn Adewoye DEF
8%
pec-zwolle Sherel Floranus DEF
8%
sbv-excelsior Stan Henderikx DEF
8%
fortuna-sittard Syb van Ottele DEF
8%
sbv-excelsior Szymon Włodarczyk FWD
8%
sparta-rotterdam Teo Quintero DEF
8%
go-ahead-eagles Thibo Baeten FWD
8%
pec-zwolle Thomas Buitink FWD
8%
heracles-almelo Timo Jansink GK
8%
telstar Tyrick Bodak GK
8%
sc-heerenveen Václav Sejk FWD
8%
nec-nijmegen Vito van Crooij FWD
8%
fc-volendam Xavier Mbuyamba DEF
8%
fc-volendam Yannick Leliendal DEF
8%
nec-nijmegen Youssef el Kachati FWD
8%
fc-volendam Aaron Meijers DEF
5%
sbv-excelsior Adam Carlén MID
5%
telstar Adil Lechkar DEF
5%
heracles-almelo Ajdin Hrustić MID
5%
heracles-almelo Alec Van Hoorenbeeck DEF
5%
fc-volendam Alex Plat MID
5%
nec-nijmegen Argyrios Darelas MID
5%
go-ahead-eagles Calvin Twigt MID
5%
nac-breda Casper Staring MID
5%
nac-breda Cherrion Valerius DEF
5%
sbv-excelsior Derensili Sanches Fernandes FWD
5%
fc-volendam Déron Payne DEF
5%
nec-nijmegen Deveron Fonville DEF
5%
fortuna-sittard Dimitris Limnios FWD
5%
telstar Dylan Mertens MID
5%
nac-breda Enes Mahmutović DEF
5%
psv-eindhoven Eus Waayers DEF
5%
sparta-rotterdam Filip Bednarek GK
5%
sc-heerenveen Hristiyan Petrov DEF
5%
sbv-excelsior Ilias Bronkhorst DEF
5%
sbv-excelsior Irakli Yegoian MID
5%
pec-zwolle Jadiel Pereira da Gama MID
5%
heracles-almelo Jannes Wieckhoff DEF
5%
az-alkmaar Jasper Hartog FWD
5%
nac-breda Jayden Candelaria DEF
5%
sc-heerenveen Jermaine Rijssel FWD
5%
fc-groningen Jismerai Dillema FWD
5%
nac-breda Kostas Lamprou GK
5%
sparta-rotterdam Lance Duijvestijn MID
5%
nac-breda Lewis Holtby MID
5%
fc-volendam Luca Blondeau DEF
5%
fortuna-sittard Luka Tunjić MID
5%
fortuna-sittard Marko Kerkez DEF
5%
fc-volendam Mauro Zijlstra FWD
5%
nac-breda Max Balard MID
5%
heracles-almelo Mike te Wierik DEF
5%
nac-breda Mohamed Nassoh MID
5%
go-ahead-eagles Nando Verdoni GK
5%
sbv-excelsior Nesto Groen FWD
5%
fc-volendam Nordin Bukala MID
5%
sc-heerenveen Paweł Bochniewicz DEF
5%
fc-volendam Precious Ugwu DEF
5%
fc-utrecht Rafik el Arguioui MID
5%
sbv-excelsior Rick Meissen DEF
5%
nac-breda Rio Hillen DEF
5%
go-ahead-eagles Robbin Weijenberg MID
5%
fc-volendam Robin van Cruijsen MID
5%
heracles-almelo Sava Čestić DEF
5%
telstar Sebastiaan Hagedoorn FWD
5%
heracles-almelo Sem Scheperman MID
5%
sbv-excelsior Stijn Middendorp MID
5%
fc-groningen Stijn Petiet GK
5%
sparta-rotterdam Tijs Velthuis DEF
5%
heracles-almelo Tristan van Gilst FWD
5%
nec-nijmegen Virgil Misidjan FWD
5%
heracles-almelo Walid Ould-Chikh MID
5%
fc-groningen Yénio Holder MID
5%
heracles-almelo Yvandro Borges Sanches FWD
5%
fc-volendam Anass Bouziane MID
3%
nac-breda Brahim Ghalidi FWD
3%
pec-zwolle Braydon Manu FWD
3%
nac-breda Charles-Andreas Brym FWD
3%
fortuna-sittard Daley Sinkgraven DEF
3%
nac-breda Dion Versluis FWD
3%
fc-volendam Dion Vlak GK
3%
pec-zwolle Duke Verduin GK
3%
feyenoord Ezequiel Bullaude MID
3%
pec-zwolle Henry van der Vegt TRA
3%
fc-utrecht Ivar Jenner MID
3%
fc-twente Ivar van Dinteren TRA*
3%
sc-heerenveen Jan Bekkema GK
3%
heracles-almelo Jeff Reine-Adélaïde MID
3%
sbv-excelsior Jerolldino Bergraaf FWD
3%
fc-volendam Jesper Tielemans FWD
3%
heracles-almelo Jop Tijink DEF
3%
fortuna-sittard Justin Lonwijk MID
3%
fc-volendam Kiano Dyer MID
3%
heracles-almelo Lorenzo Milani DEF
3%
sbv-excelsior Mathijs Tielemans MID
3%
sparta-rotterdam Max de Ligt DEF
3%
telstar Mohamed Hamdaoui FWD
3%
fc-volendam Myron Mau-Asam DEF
3%
nac-breda Pepijn Reulen FWD
3%
sbv-excelsior Rayvien Rosario MID
3%
nec-nijmegen Rober González FWD
3%
heracles-almelo Robin Mantel GK
3%
telstar Rojendro Oudsten MID
3%
nec-nijmegen Sam de Laat MID
3%
pec-zwolle Samir Lagsir FWD
3%
sparta-rotterdam Sayf Ltaief FWD
3%
fc-volendam Silvinho Esajas DEF
3%
sbv-excelsior Stefan Mitrović FWD
3%
nac-breda Terence Kongolo DEF
3%
sbv-excelsior Tijmen Holla GK
3%
fortuna-sittard Tristan Schenkhuizen MID
3%
go-ahead-eagles Xander Blomme MID
3%
go-ahead-eagles Yassir Salah Rahmouni MID
3%
telstar Abdelraffie Benzzine DEF
0%
nac-breda Christian Chiza MID
0%
nac-breda Daan van Reeuwijk DEF
0%
nec-nijmegen Freek Entius GK
0%
sparta-rotterdam Giannino Vianello DEF
0%
pec-zwolle Givaro Renwarin MID
0%
sbv-excelsior Guilliano Caïro DEF
0%
fortuna-sittard Hasip Korkmazyürek MID
0%
telstar Jaylan van Schooneveld DEF
0%
nac-breda Jemuel Erat DEF
0%
sbv-excelsior Jose de Almeida Reis DEF
0%
fc-volendam Key-Shawn Wong-a-Soij FWD
0%
heracles-almelo Leco Zeevalkink GK
0%
nec-nijmegen Luc Nieuwenhuijs FWD
0%
nec-nijmegen Martijn Overmars GK
0%
fc-utrecht Mees Eppink GK
0%
fortuna-sittard Moussa Gbemou MID
0%
pec-zwolle Nick Dobben GK
0%
sc-heerenveen Nolhan Courtens MID
0%
fortuna-sittard Owen Johnson MID
0%
fortuna-sittard Ramazan Bayram GK
0%
telstar Rayyan Koubini MID
0%
telstar Yamano Olfers DEF
0%
nec-nijmegen Yassin Moslih DEF
0%
nec-nijmegen Yousri Sbai MID
0%
No matching quizzes found
Score Distribution
Percent of People with Each Score
Percentile by Number Answered
Your Score History
You have not taken this quiz since the last reset